| 000 | 01882nam a22003614a 4500 | ||
|---|---|---|---|
| 001 | ebr10273030 | ||
| 003 | CaPaEBR | ||
| 006 | m u | ||
| 007 | cr cn||||||||| | ||
| 008 | 071127s2008 enk sb 000 0 eng | ||
| 010 | _z 2007048238 | ||
| 020 | _z9780195332988 (pbk. : alk. paper) | ||
| 040 |
_aCaPaEBR _cCaPaEBR |
||
| 035 | _a(OCoLC)432051395 | ||
| 050 | 1 | 4 |
_aRJ506.B44 _bD89 2008eb |
| 082 | 0 | 4 |
_a618.92/89142 _222 |
| 100 | 1 | _aDurand, Vincent Mark. | |
| 245 | 1 | 0 |
_aHelping parents with challenging children _h[electronic resource] : _bpositive family intervention : facilitator guide / _cV. Mark Durand, Meme Hieneman. |
| 260 |
_aOxford ; _aNew York : _bOxford University Press, _c2008. |
||
| 300 | _aix, 134 p. | ||
| 490 | 1 | _aPrograms that work | |
| 504 | _aIncludes bibliographical references (p. 125-132). | ||
| 505 | 0 | _aIntroductory information for facilitators -- Identification and assessment of challenging behavior -- Session 1: introduction and goal setting -- Session 2: gathering information -- Session 3: analysis and plan design -- Session 4: preventing problems -- Session 5: managing consequences -- Session 6: replacing behavior -- Session 7: putting the behavior support plan in place -- Session 8: monitoring results and wrap-up. | |
| 533 |
_aElectronic reproduction. _bPalo Alto, Calif. : _cebrary, _d2013. _nAvailable via World Wide Web. _nAccess may be limited to ebrary affiliated libraries. |
||
| 650 | 0 |
_aBehavior disorders in children _xTreatment. |
|
| 650 | 0 |
_aProblem children _xBehavior modification. |
|
| 650 | 0 |
_aChild psychotherapy _xParent participation. |
|
| 655 | 7 |
_aElectronic books. _2local |
|
| 700 | 1 | _aHieneman, Meme. | |
| 710 | 2 | _aebrary, Inc. | |
| 830 | 0 | _aPrograms that work. | |
| 856 | 4 | 0 |
_uhttp://site.ebrary.com/lib/rucke/Doc?id=10273030 _zAn electronic book accessible through the World Wide Web; click to view |
| 999 |
_c6726 _d6726 |
||